[Event "Wch U20 41st"]
[Site "Goa"]
[Date "2002.12.09"]
[Round "1"]
[White "Pranjal, Phukan"]
[Black "Glinert, Stephen"]
[Result "0-1"]
[WhiteElo "2059"]
[BlackElo "2351"]
[PlyCount "78"]
[EventDate "2002.12.09"]
[EventType "swiss"]
[EventRounds "13"]
[EventCountry "IND"]
[SourceTitle "CBM 091 Extra"]
[Source "ChessBase"]
[SourceDate "2003.01.09"]
[SourceVersion "1"]
[SourceVersionDate "2003.01.09"]
[SourceQuality "1"]

1. e4 d6 2. d4 Nf6 3. Nc3 g6 4. Nf3 Bg7 5. Be2 0-0 6. 0-0 Bg4 7. e5 Nfd7 8. h3 Bxf3 9. Bxf3 Nc6 10. exd6 cxd6 11. Be3 Nb6 12. Rb1 Rc8 13. Nd5 Nc4 14. c3 e6 15. Nf4 d5 16. Nd3 b5 17. Re1 a5 18. b4 axb4 19. Nxb4 Qa5 20. Nxc6 Rxc6 21. Qb3 Na3 22. Rbc1 Rfc8 23. Bd2 Nc4 24. Bf4 Na3 25. Bd2 Bxd4 26. Bxd5 exd5 27. Qxd5 Bf6 28. Bh6 Qd8 29. Qf3 Nc4 30. Rcd1 Qc7 31. Rd5 Bg7 32. Bf4 Qb6 33. Rd7 Rf6 34. Qg3 Re6 35. Red1 Rce8 36. Kh2 Re2 37. Qh4 Qxf2 38. Qxf2 Rxf2 39. Re7 Kf8 0-1